The arthritis helpbool what you can do for your arthritis

Uloženo v:
Podrobná bibliografie
Hlavní autor: Kate Lorig
Médium: Kniha
Jazyk:Undetermined
Vydáno: Sydney Addison - wesley publishing com. 1980
Témata:
Tagy: Přidat tag
Žádné tagy, Buďte první, kdo otaguje tento záznam!
Thư viện lưu trữ: Trung tâm Học liệu Trường Đại học Cần Thơ
LEADER 00559nam a2200181Ia 4500
001 CTU_45935
008 210402s9999 xx 000 0 und d
082 |a 616.722 
082 |b L872 
100 |a Kate Lorig 
245 4 |a The arthritis helpbool 
245 0 |b what you can do for your arthritis 
245 0 |c Kate Lorig, James F.Fries 
260 |a Sydney 
260 |b Addison - wesley publishing com. 
260 |c 1980 
650 |a connective tissues - diseases,joints - diseases,rheumatology 
980 |a Trung tâm Học liệu Trường Đại học Cần Thơ